00250nam a2200109Ia 4500008004100000100002000041245001500061260002400076650001600100942000700116999001700123190216s9999||||xx |||||||||||||| ||und|| aDharmapadam .av 0aStatistics bViswanathan Pvt.Ltd aMathematics cBK c37168d37168